00834cam a22002297a 4500003000500000005001700005008004100022010001000063011001000073035001000083040000900093100003400102245020500136260004100341300001900382502008500401650001000486650002000496650001900516650002900535650004000564CHAP20250519092904.0010920d2001 mx r 00110 spa d a87013 a87985 a98530 cCHAP10aCárcamo Romero, Juan Carlos10aEfecto de dos diferentes ceras comerciales sobre la calidad de frutos de limón persa (Citrus latifolia) a diferentes temperaturas y periodos de frigoconservaciónc/por Juan Carlos Cárcamo Romero aChapingo, Méx. :bEl autor,c2003. a87 h. :bilus. aTesis (Ing. Agroindustrial) -- UACH. Departamento de Ingeniería Agroindustrial14aCera.14aFrigoríficos.14aLimón persa.14aLimónxAlmacenamiento.14aLimónxConservación por frío.